000
00352 a2200169 4500
001
191337
020
_a
85-16-00450-3
040
_c
Magnum
100
_a
Bandeira, Pedro
240
1
0
_a
Ritinha danadinha
_l
por
245
1
0
_a
Ritinha danadinha
300
_a
31
362
0
_a
1991
440
1
_a
Moderna
697
_a
LITERATURA INFANTO
942
_c
BK
999
_c
191337
_d
191337